[Event "21st Sants Open 2019"]
[Site "Cotxeres de Sants"]
[Date "2019.09.01"]
[Round "10.18"]
[White "Paton Alvarez, Ivan"]
[Black "Ferre Navarro, Joan"]
[Result "1-0"]
[WhiteElo "1544"]
[BlackElo "1533"]
[Annotator "NA"]
[PlyCount "67"]
[EventDate "2019.08.22"]
[EventType "swiss"]
[EventCountry "ESP"]
[SourceTitle "playchess.com"]
[Source "ChessBase"]
[SourceQuality "1"]
[TimeControl "40/5400+30:1800+30"]

1. e4 {[%emt 0:00:00]} g6 {[%emt 0:00:00]} 2. d4 {[%emt 0:00:00]} Bg7 {[%emt 0:00:00]} 3. Nc3 {[%emt 0:00:00]} a6 {[%emt 0:00:00]} 4. a4 {[%emt 0:00:00]} d6 {[%emt 0:00:06]} 5. Nf3 {[%emt 0:00:07]} Nd7 {[%emt 0:00:59]} 6. Be2 {[%emt 0:00:09]} c5 {[%emt 0:00:09]} 7. Be3 {[%emt 0:08:01]} Qb6 {[%emt 0:03:02]} 8. Rb1 {[%emt 0:06:02]} e6 {[%emt 0:02:44]} 9. O-O {[%emt 0:02:39]} Ne7 {[%emt 0:00:32]} 10. Qd2 {[%emt 0:01:48]} O-O {[%emt 0:04:17]} 11. Bh6 {[%emt 0:11:32]} cxd4 {[%emt 0:04:44]} 12. Bxg7 {[%emt 0:00:57]} Kxg7 {[%emt 0:00:09]} 13. Qxd4+ {[%emt 0:00:19]} Qxd4 {[%emt 0:02:55]} 14. Nxd4 {[%emt 0:00:07]} Nc6 {[%emt 0:00:37]} 15. Rfd1 {[%emt 0:00:35]} Nb4 {[%emt 0:04:46]} 16. Nf3 {[%emt 0:08:31]} Nxc2 {[%emt 0:02:02]} 17. b4 {[%emt 0:01:12]} e5 {[%emt 0:00:53]} 18. Rd2 {[%emt 0:01:16]} Nd4 {[%emt 0:00:55]} 19. Nxd4 {[%emt 0:00:09]} exd4 {[%emt 0:00:11]} 20. Rxd4 {[%emt 0:00:05]} Nf6 {[%emt 0:02:45]} 21. Rxd6 {[%emt 0:00:45]} Re8 {[%emt 0:00:49]} 22. Rxf6 {[%emt 0:02:38]} Kxf6 {[%emt 0:03:52]} 23. Nd5+ {[%emt 0:00:09]} Kg7 {[%emt 0:00:52]} 24. Nc7 {[%emt 0:00:04]} Bd7 {[%emt 0:00:11]} 25. Nxa8 {[%emt 0:00:18]} Rxa8 {[%emt 0:00:06]} 26. a5 {[%emt 0:00:11]} Bc6 {[%emt 0:00:50]} 27. f3 {[%emt 0:00:21]} Rd8 {[%emt 0:00:11]} 28. Rd1 {[%emt 0:00:18]} Rxd1+ {[%emt 0:01:14]} 29. Bxd1 {[%emt 0:00:05]} Kf6 {[%emt 0:00:08]} 30. Kf2 {[%emt 0:00:02]} Ke5 {[%emt 0:00:55]} 31. Ke3 {[%emt 0:00:03]} f5 {[%emt 0:01:12]} 32. f4+ {[%emt 0:00:14]} Kf6 {[%emt 0:01:09]} 33. e5+ {[%emt 0:00:04]} Ke7 {[%emt 0:00:51]} 34. Bf3 {[%emt 0:00:12]} 1-0

[Event "21st Sants Open 2019"]
[Site "Cotxeres de Sants"]
[Date "2019.09.01"]
[Round "10.20"]
[White "Garcia Martinez, Hector"]
[Black "Lambert Pont, Michael"]
[Result "1/2-1/2"]
[WhiteElo "1547"]
[BlackElo "1577"]
[Annotator "NA"]
[PlyCount "100"]
[EventDate "2019.08.22"]
[EventType "swiss"]
[EventCountry "ESP"]
[SourceTitle "playchess.com"]
[Source "ChessBase"]
[SourceQuality "1"]
[TimeControl "40/5400+30:1800+30"]

1. e4 e5 {[%emt 0:13:48]} 2. f4 {[%emt 0:02:09]} d5 {[%emt 0:00:19]} 3. exd5 {[%emt 0:00:21]} exf4 {[%emt 0:00:13]} 4. Nf3 {[%emt 0:02:50]} Nf6 {[%emt 0:23:30]} 5. Bc4 {[%emt 0:01:12]} Bd6 {[%emt 0:02:43]} 6. O-O {[%emt 0:01:03]} O-O {[%emt 0:02:05]} 7. Nc3 {[%emt 0:09:06]} Bg4 {[%emt 0:04:40]} 8. Qe1 {[%emt 0:21:58]} c6 {[%emt 0:10:39]} 9. d4 {[%emt 0:12:24]} Bc7 {[%emt 0:11:42]} 10. Qh4 Bxf3 {[%emt 0:00:52]} 11. Rxf3 {[%emt 0:00:43]} Nxd5 12. Qxd8 Rxd8 {[%emt 0:00:42]} 13. Nxd5 {[%emt 0:00:16]} cxd5 {[%emt 0:00:11]} 14. Bd3 {[%emt 0:00:00]} g5 {[%emt 0:02:46]} 15. Rh3 {[%emt 0:00:28]} Nc6 {[%emt 0:10:57]} 16. c3 {[%emt 0:04:50]} Rd6 {[%emt 0:01:46]} 17. Rxh7 {[%emt 0:01:00]} Ne7 {[%emt 0:01:25]} 18. Rh5 {[%emt 0:03:17]} f6 {[%emt 0:01:25]} 19. Bd2 {[%emt 0:03:39]} Re6 {[%emt 0:00:54]} 20. Re1 {[%emt 0:00:57]} Rxe1+ {[%emt 0:00:30]} 21. Bxe1 {[%emt 0:04:08]} Re8 {[%emt 0:03:52]} 22. Bb5 {[%emt 0:00:51]} Nc6 {[%emt 0:00:27]} 23. Kf2 {[%emt 0:00:16]} a6 {[%emt 0:00:48]} 24. Bd3 {[%emt 0:04:01]} Re3 {[%emt 0:03:03]} 25. Bf5 {[%emt 0:00:20]} Ne7 {[%emt 0:00:55]} 26. Bg4 {[%emt 0:01:22]} Ng6 27. Bc8 {[%emt 0:00:10]} Re8 {[%emt 0:00:59]} 28. Bxb7 {[%emt 0:00:05]} Rb8 {[%emt 0:00:06]} 29. Bxd5+ {[%emt 0:01:24]} Kg7 {[%emt 0:01:08]} 30. b3 {[%emt 0:01:00]} Re8 {[%emt 0:01:09]} 31. Rh3 {[%emt 0:00:22]} Ne7 {[%emt 0:01:04]} 32. Bc4 {[%emt 0:01:08]} Nf5 {[%emt 0:00:31]} 33. Bxa6 {[%emt 0:00:24]} Ra8 {[%emt 0:00:26]} 34. Bd3 {[%emt 0:04:08]} Rxa2+ {[%emt 0:00:49]} 35. Kf3 {[%emt 0:08:27]} Nh6 {[%emt 0:00:19]} 36. Rh5 {[%emt 0:01:34]} Ra3 {[%emt 0:00:29]} 37. b4 {[%emt 0:04:14]} Ra2 {[%emt 0:01:07]} 38. g4 {[%emt 0:01:06]} Ra1 {[%emt 0:00:00]} 39. Kf2 {[%emt 0:00:00]} Nxg4+ {[%emt 0:00:00]} 40. Kf3 {[%emt 0:00:00]} Nh6 {[%emt 0:00:00]} 41. Bd2 {[%emt 0:12:27]} Bd8 {[%emt 0:04:17]} 42. h4 {[%emt 0:00:54]} Rh1 {[%emt 0:00:11]} 43. Kg2 {[%emt 0:06:36]} Rd1 {[%emt 0:00:26]} 44. Bxf4 {[%emt 0:00:28]} gxf4 {[%emt 0:00:57]} 45. Be4 {[%emt 0:01:58]} Be7 {[%emt 0:00:53]} 46. Ra5 {[%emt 0:03:21]} Re1 {[%emt 0:02:49]} 47. Kf3 {[%emt 0:03:08]} Bd6 {[%emt 0:02:17]} 48. Ra7+ {[%emt 0:02:07]} Kf8 {[%emt 0:04:01]} 49. Ra6 {[%emt 0:00:50]} Re3+ {[%emt 0:00:33]} 50. Kf2 Ke7 1/2-1/2